000 00432cam a2200181ua 4500
001 5057
008 120808n ii |||gr||||Z||||||eng
020 _a81-7808-873-8
040 _cMAIN
082 _a821
100 _aTamplin, Ronald,
_eAuthor,
245 1 1 _aT. S. Eliot
_cby Ronald Tamplin
250 _a1st.
260 _aDelhi:
_bPearson Education,
_c2003.
300 _a195p:
_c15cm.
653 _aEnglish poetry
942 _cBK
999 _c4241
_d4241